00492cam a2200145 a 4500008004100000020001800041050002400059245006600083260004600149300004300195504004100238650002400279700002200303700002100325101028s2009 inuac b 000 0 eng d a978193400931400aLB2806 b.C343 200900aChange wars /c[editors, Andy Hargreaves and Michael Fullan]. aBloomington, IN :bSolution Tree,cc2009. aviii, 293 p. :bill., ports. ;c24 cm. aIncludes bibliographical references. 0aEducational change.1 aHargreaves, Andy.1 aFullan, Michael.